书目信息 |
| 题名: |
教育统计学
|
|
| 作者: | 王孝玲 编著 | |
| 分册: | ||
| 出版信息: | 上海 华东师范大学出版社 1986 |
|
| 页数: | 429页 | |
| 开本: | 19cm | |
| 丛书名: | ||
| 单 册: | ||
| 中图分类: | G40-051 | |
| 科图分类: | ||
| 主题词: | 教育统计-统计学 , 统计学-教育统计 | |
| 电子资源: | ||
| ISBN: | 7-5617-0250-7 | |
| 000 | 00675nam0 2200241 45 | |
| 001 | 0186019200 | |
| 005 | 20040426105830.2 | |
| 010 | @a7-5617-0250-7@dCNY3.30 | |
| 100 | @a19900726d1986 emky0chiy0121 ea | |
| 101 | 0 | @achi |
| 102 | @aCN@b310000 | |
| 105 | @ay z 000yy | |
| 106 | @ar | |
| 200 | 10 | @a教育统计学@Ajiao yu tong ji xue@f王孝玲编著@FWang Xiao Ling Bian Zhu |
| 210 | @a上海@c华东师范大学出版社@d1986 | |
| 215 | @a429页@d19cm | |
| 606 | @a教育统计-统计学 | |
| 606 | @a统计学-教育统计 | |
| 690 | @aG40-051@v3 | |
| 701 | 0 | @a王孝玲@4编著 |
| 801 | 0 | @aCN@b深圳图书馆@c20040216 |
| 801 | 2 | @aCN@bNLC@c20040216 |
| 905 | @f2@b236634-635@f1@b251058@dG40-051@e147 | |
| 教育统计学/王孝玲编著.-上海:华东师范大学出版社,1986 |
| 429页;19cm |
| ISBN 7-5617-0250-7:CNY3.30 |
| ● |
| 相关链接 |
|
|
|
|
正题名:教育统计学
索取号:G40-051/147
 
预约/预借
| 序号 | 登录号 | 条形码 | 馆藏地/架位号 | 状态 | 备注 |
| 1 | 0236632 | 000267259 | 密集书库/ [索取号:G40-051/147] | 在馆 | |
| 2 | 0236633 | 000267320 | 密集书库/ [索取号:G40-051/147] | 在馆 | |
| 3 | 0236634 | 000267311 | 密集书库/ [索取号:G40-051/147] | 在馆 | |
| 4 | 0236635 | 000267277 | 第四借阅区/ [索取号:G40-051/147] | 在馆 | |
| 5 | 0236636 | 000267268 | 第一样本阅览室/ [索取号:G40-051/147] | 在馆 | |
| 6 | 0251058 | 000267286 | 第四借阅区/ [索取号:G40-051/147] | 在馆 | |
| 7 | 0251059 | 000267213 | 密集书库/ [索取号:G40-051/147] | 在馆 | |
| 8 | 0251060 | 000267222 | 密集书库/ [索取号:G40-051/147] | 在馆 |